| 000 | 00000nam##2200000za#4500 |
| 001 | 9.698988 |
| 003 | CaOODSP |
| 005 | 20241203113638 |
| 007 | cr ||||||||||| |
| 008 | 150407|2005||||xxc|||||o f|0| 0 eng|d |
| 040 | |aCaOODSP|beng |
| 043 | |an-cn--- |
| 086 | 1 |aEn84-113/2005E-PDF |
| 110 | 1 |aCanada. |bEnvironment Canada. |
| 245 | 10|aNorthern waters : |h[electronic resource]|ba guide to designing and conducting water quality monitoring in northern Canada / |cby the Northern Ecological Monitoring and Assessment Network (EMAN-North). |
| 260 | |aOttawa - Ontario : |bEnvironment Canada |cMarch 2005. |
| 300 | |a234p.|bcoloured figs., coloured illus., glossary, graphs, maps (some coloured), references, tables, photographs |
| 590 | |a14-08-Supp|b2014-04-10 |
| 690 | 07|aEnvironmental protection|2gcpds |
| 690 | 07|aWater quality|2gcpds |
| 775 | 08|tEaux du Nord : |w(CaOODSP)9.643037 |
| 856 | 40|ahttp://publications.gc.ca|qPDF|s7.29 MB|uhttps://publications.gc.ca/collections/collection_2014/ec/En84-113-2005-eng.pdf |